[Event "Wch Seniors 65 31st"]
[Site "Terassini"]
[Date "2023.10.27"]
[Round "3"]
[White "Legky, Nikolay A"]
[Black "Taylor, Timothy"]
[Result "1-0"]
[WhiteElo "2348"]
[BlackElo "2112"]
[PlyCount "111"]
[EventDate "2023.10.25"]
[EventType "swiss"]
[EventRounds "11"]
[EventCountry "ITA"]
[SourceTitle "Mega2024 Update 01"]
[Source "Chessbase"]
[SourceDate "2023.11.12"]
[SourceVersion "1"]
[SourceVersionDate "2023.11.12"]
[SourceQuality "1"]

1. d4 d5 2. c4 e6 3. Nf3 c5 4. cxd5 exd5 5. g3 Nc6 6. Bg2 Nf6 7. 0-0 Be7 8. dxc5 Bxc5 9. a3 0-0 10. b4 Be7 11. Nc3 h6 12. Nd4 Nxd4 13. Qxd4 Be6 14. Bb2 a5 15. b5 Rc8 16. Rad1 Bc5 17. Qd3 Qe7 18. Na4 Ba7 19. b6 Bb8 20. Bxf6 Qxf6 21. Bxd5 Bd7 22. Qb3 Bxa4 23. Qxa4 Qxb6 24. Rb1 Qd6 25. Bxb7 Rc3 26. Rb3 Rxb3 27. Qxb3 Rd8 28. e4 Ba7 29. Bd5 Rb8 30. Bxf7+ Kh8 31. Qc4 Qxa3 32. Qc7 Qc5 33. Qxc5 Bxc5 34. Rc1 Rc8 35. Kg2 g5 36. Be6 Rc7 37. f4 gxf4 38. gxf4 Bd6 39. Rxc7 Bxc7 40. e5 Kg7 41. Kf3 a4 42. Kg4 a3 43. Ba2 Bb6 44. f5 Bc7 45. f6+ Kg6 46. Bb1+ Kf7 47. Kf5 Kf8 48. Ba2 Bb6 49. e6 Bc5 50. Kg6 Bd6 51. e7+ Bxe7 52. fxe7+ Kxe7 53. Kxh6 Kf6 54. h4 Kf5 55. h5 Kf6 56. Bb3 1-0

[Event "US op 122nd"]
[Site "Rancho Mirage"]
[Date "2022.08.06"]
[Round "8"]
[White "Taylor, Timothy"]
[Black "Willy, Stephen"]
[Result "1-0"]
[WhiteElo "2150"]
[BlackElo "1848"]
[PlyCount "89"]
[EventDate "2022.07.30"]
[EventType "swiss"]
[EventRounds "9"]
[EventCountry "USA"]
[SourceTitle "CBM 209 Extra"]
[Source "ChessBase"]
[SourceDate "2022.09.30"]
[SourceVersion "1"]
[SourceVersionDate "2022.09.30"]
[SourceQuality "1"]

1. e4 e5 2. f4 d5 3. exd5 exf4 4. Qf3 Nf6 5. Nc3 Bd6 6. Bb5+ Bd7 7. Nge2 0-0 8. Bxd7 Qxd7 9. d4 Na6 10. Bxf4 Bxf4 11. Nxf4 Rae8+ 12. Kd2 c6 13. Rae1 Nc7 14. dxc6 Qxd4+ 15. Nd3 bxc6 16. Qxc6 Ne6 17. Qa4 Qd6 18. Kc1 Rb8 19. Qxa7 Rfc8 20. Qa5 Nc5 21. Nxc5 Rxc5 22. Qa4 Qb6 23. Qa3 Ra5 24. Na4 Qd4 25. Qg3 Qb4 26. b3 Rxa4 27. bxa4 Qb2+ 28. Kd2 Rd8+ 29. Ke2 Qxc2+ 30. Kf1 h5 31. h3 Qc4+ 32. Kg1 h4 33. Qg5 Rd3 34. Kh2 Rg3 35. Rc1 Qe4 36. Qd2 g5 37. Rhe1 Qxa4 38. Re5 Nh7 39. Rc7 Qa3 40. Qd5 Qf8 41. Rf5 Kh8 42. Rfxf7 Qg8 43. Qe5+ Nf6 44. Qxf6+ Qg7 45. Qxg7# 1-0

[Event "US op 122nd"]
[Site "Rancho Mirage"]
[Date "2022.08.05"]
[Round "7"]
[White "Akobian, Varuzhan"]
[Black "Taylor, Timothy"]
[Result "1-0"]
[WhiteElo "2591"]
[BlackElo "2150"]
[PlyCount "85"]
[EventDate "2022.07.30"]
[EventType "swiss"]
[EventRounds "9"]
[EventCountry "USA"]
[SourceTitle "CBM 209 Extra"]
[Source "ChessBase"]
[SourceDate "2022.09.30"]
[SourceVersion "1"]
[SourceVersionDate "2022.09.30"]
[SourceQuality "1"]

1. d4 d5 2. c4 c5 3. cxd5 Qxd5 4. Nf3 cxd4 5. Nc3 Qa5 6. Nxd4 Nf6 7. g3 e5 8. Nb3 Qc7 9. Bg2 Bb4 10. 0-0 Bxc3 11. bxc3 0-0 12. Bg5 Nbd7 13. c4 Qxc4 14. Rc1 Qg4 15. Be3 Qh5 16. h4 e4 17. Qd2 b6 18. Nd4 Ba6 19. Rc2 h6 20. Rfc1 Nc5 21. Nc6 Rfe8 22. Bxc5 bxc5 23. e3 c4 24. a4 Rac8 25. Qd6 Re6 26. Ne7+ Kh8 27. Nxc8 Rxd6 28. Nxd6 g5 29. hxg5 Ng4 30. gxh6 f5 31. Nb5 Ne5 32. Rxc4 Nxc4 33. Rxc4 Qxh6 34. Rc5 Qf6 35. Nd4 Bd3 36. Rxf5 Qa6 37. a5 Qb7 38. Ne6 Qb1+ 39. Kh2 Qa2 40. Rf8+ Kh7 41. Bh3 Kh6 42. Rf6+ Kh7 43. Bf5+ 1-0

[Event "US op 122nd"]
[Site "Rancho Mirage"]
[Date "2022.08.03"]
[Round "5"]
[White "Taylor, Timothy"]
[Black "Chamberlain, Ethan J"]
[Result "1-0"]
[WhiteElo "2150"]
[BlackElo "2012"]
[PlyCount "39"]
[EventDate "2022.07.30"]
[EventType "swiss"]
[EventRounds "9"]
[EventCountry "USA"]
[SourceTitle "CBM 209 Extra"]
[Source "ChessBase"]
[SourceDate "2022.09.30"]
[SourceVersion "1"]
[SourceVersionDate "2022.09.30"]
[SourceQuality "1"]

1. e4 c5 2. f4 d5 3. exd5 Nf6 4. Bb5+ Bd7 5. Bxd7+ Qxd7 6. c4 e6 7. dxe6 Qxe6+ 8. Qe2 Qxe2+ 9. Nxe2 Nc6 10. 0-0 Bd6 11. Nbc3 Rd8 12. b3 Bc7 13. Ba3 Bb6 14. Rad1 Nb4 15. Na4 Nd3 16. Nc1 Ne4 17. Nxd3 Rxd3 18. Rfe1 f5 19. Bxc5 Bc7 20. Nb2 1-0

[Event "World op 47th"]
[Site "Philadelphia"]
[Date "2019.07.05"]
[Round "4"]
[White "Krush, Irina"]
[Black "Taylor, Timothy"]
[Result "1-0"]
[WhiteElo "2422"]
[BlackElo "2213"]
[PlyCount "79"]
[EventDate "2019.07.03"]
[EventType "swiss"]
[EventRounds "9"]
[EventCountry "USA"]
[SourceTitle "CBM 191 Extra"]
[Source "ChessBase"]
[SourceDate "2019.09.30"]
[SourceVersion "1"]
[SourceVersionDate "2019.09.30"]
[SourceQuality "1"]

1. c4 e6 2. Nc3 d5 3. d4 Nf6 4. cxd5 exd5 5. Bg5 Be7 6. e3 c6 7. Bd3 Nbd7 8. h3 Ne4 9. Bf4 Nxc3 10. bxc3 Nf6 11. Qc2 Bd6 12. Ne2 Bxf4 13. Nxf4 0-0 14. 0-0 h6 15. c4 dxc4 16. Bxc4 Kh8 17. Rfc1 Qa5 18. Qb3 g5 19. Ne2 Ne4 20. Qb2 f6 21. Bd3 Nd6 22. Rc5 Qd8 23. d5 b6 24. Rxc6 Bb7 25. Rc2 Bxd5 26. Rd1 Qe7 27. Rcd2 Bb7 28. Ng3 Rad8 29. a3 Ba8 30. Qb4 Nc8 31. Qg4 f5 32. Bxf5 Rxd2 33. Rxd2 Qxa3 34. Qd4+ Kg8 35. Qc4+ Kh8 36. Bxc8 Qa1+ 37. Kh2 Qe5 38. Bf5 h5 39. Rd7 Rxf5 40. Qc8+ 1-0

[Event "Philadelphia int op 13th"]
[Site "Philadelphia"]
[Date "2019.07.01"]
[Round "8"]
[White "Taylor, Timothy"]
[Black "Mulyar, Michael A"]
[Result "1/2-1/2"]
[WhiteElo "2213"]
[BlackElo "2381"]
[PlyCount "51"]
[EventDate "2019.06.27"]
[EventType "swiss"]
[EventRounds "9"]
[EventCountry "USA"]
[SourceTitle "EXT 2020"]
[Source "ChessBase"]
[SourceDate "2019.10.17"]
[SourceVersion "1"]
[SourceVersionDate "2019.10.17"]
[SourceQuality "1"]

1. d4 d5 2. c4 c6 3. Nc3 Nf6 4. Nf3 e6 5. Qb3 dxc4 6. Qxc4 b5 7. Qd3 a6 8. Bg5 Be7 9. e4 h6 10. Bh4 0-0 11. e5 Nfd7 12. Bxe7 Qxe7 13. Qe4 f5 14. exf6 Nxf6 15. Qc2 c5 16. Be2 Nc6 17. dxc5 e5 18. 0-0 e4 19. Rfe1 Qxc5 20. Nd2 e3 21. fxe3 Qxe3+ 22. Kh1 Nd4 23. Qd1 Nxe2 24. Qxe2 Qb6 25. Qe3 Qc7 26. Qe5 1/2-1/2

[Event "World op 46th"]
[Site "Philadelphia"]
[Date "2018.07.05"]
[Round "3"]
[White "Nestorovic, Nikola"]
[Black "Taylor, Timothy"]
[Result "1-0"]
[WhiteElo "2450"]
[BlackElo "2233"]
[PlyCount "81"]
[EventDate "2018.07.04"]
[EventType "swiss"]
[EventRounds "9"]
[EventCountry "USA"]
[SourceTitle "CBM 185 Extra"]
[Source "ChessBase"]
[SourceDate "2018.07.29"]
[SourceVersion "1"]
[SourceVersionDate "2018.07.29"]
[SourceQuality "1"]

1. e4 d5 2. exd5 Nf6 3. Bb5+ Nbd7 4. d4 Nxd5 5. Nf3 c6 6. Be2 N7f6 7. c4 Nb6 8. h3 Bf5 9. 0-0 e6 10. Be3 Be7 11. Qb3 0-0 12. Nc3 c5 13. Rfd1 Qc8 14. Rac1 Ne4 15. a4 Nd7 16. Nxe4 Bxe4 17. d5 exd5 18. cxd5 Bxf3 19. Bxf3 Bd6 20. Qb5 a6 21. Qb3 b6 22. Qc2 Qe8 23. Re1 Qe5 24. g3 Qf6 25. Bg2 Rfe8 26. b3 Re7 27. Bd2 Rxe1+ 28. Rxe1 Qd8 29. Bc3 b5 30. Qb2 b4 31. Bd2 c4 32. bxc4 a5 33. Be3 Rc8 34. Bd4 Qf8 35. Re4 Nc5 36. Bxg7 Qd8 37. Bf6 Qd7 38. Rg4+ Kf8 39. Qc2 Qxa4 40. Qxh7 Ke8 41. Rg8+ 1-0

[Event "Irvine Orange Pumpkin op"]
[Site "Irvine"]
[Date "2016.10.28"]
[Round "1"]
[White "Taylor, Timothy"]
[Black "Faber, Craig Allen"]
[Result "1/2-1/2"]
[WhiteElo "2247"]
[BlackElo "2066"]
[PlyCount "75"]
[EventDate "2016.10.28"]
[EventType "swiss"]
[EventRounds "6"]
[EventCountry "USA"]
[SourceTitle "EXT 2018"]
[Source "ChessBase"]
[SourceDate "2017.10.13"]
[SourceVersion "1"]
[SourceVersionDate "2017.10.13"]
[SourceQuality "1"]

1. e4 d5 2. exd5 Qxd5 3. d4 e5 4. Nf3 exd4 5. Qxd4 Nf6 6. Bc4 Qxd4 7. Nxd4 Bc5 8. Nb5 Na6 9. Bf4 Bb6 10. 0-0 0-0 11. N1c3 Bf5 12. Na4 Bxc2 13. Nxb6 cxb6 14. Nd6 Nc5 15. Rfe1 Bd3 16. Rad1 Bxc4 17. Nxc4 Rfe8 18. Be5 Nfd7 19. Bg3 Rxe1+ 20. Rxe1 Ne6 21. Nd6 Ndc5 22. b4 Nd3 23. Rb1 Ndf4 24. Nxb7 Rc8 25. Rd1 Ne2+ 26. Kf1 Nxg3+ 27. hxg3 Rc2 28. a4 Rc4 29. Rb1 Kf8 30. Nd6 Rc6 31. Rd1 a6 32. b5 axb5 33. axb5 Rc5 34. Ra1 Ke7 35. Ne4 Rxb5 36. Ra7+ Kf8 37. Ra8+ Ke7 38. Ra7+ 1/2-1/2

[Event "American op 51st"]
[Site "Orange"]
[Date "2015.11.28"]
[Round "6"]
[White "Taylor, Timothy"]
[Black "Yanayt, Eugene"]
[Result "0-1"]
[WhiteElo "2260"]
[BlackElo "2228"]
[PlyCount "102"]
[EventDate "2015.11.26"]
[EventType "swiss"]
[EventRounds "8"]
[EventCountry "USA"]
[SourceTitle "EXT 2017"]
[Source "ChessBase"]
[SourceDate "2016.10.25"]
[SourceVersion "1"]
[SourceVersionDate "2016.10.25"]
[SourceQuality "1"]

1. f4 d5 2. Nf3 g6 3. e3 Bg7 4. d4 Nf6 5. Bd3 0-0 6. 0-0 c5 7. b3 b6 8. Bb2 Ba6 9. c4 cxd4 10. exd4 Nc6 11. Ne5 Na5 12. Nd2 Rc8 13. Rc1 dxc4 14. bxc4 e6 15. Qa4 Bb7 16. Ndf3 Qe8 17. Qd1 Qe7 18. Qe2 Rc7 19. Rfe1 Nd7 20. Qf2 Nxe5 21. fxe5 Rfc8 22. Nd2 Bh6 23. Rc3 Qb4 24. Ba1 Bxd2 25. Qxd2 Nxc4 26. Bxc4 Rxc4 27. Rec1 Rd8 28. a3 Rcxd4 29. Qe2 Qa4 30. R3c2 Rg4 31. g3 Re4 32. Qf2 Qb3 33. Rd2 Rxd2 34. Qxd2 Qe3+ 35. Qxe3 Rxe3 36. Bd4 Rxa3 37. Rc7 Bd5 38. Bb2 Ra4 39. Bc1 Rc4 40. Rxc4 Bxc4 41. Kf2 Kf8 42. Ke3 Ke7 43. Kd4 Bf1 44. Kc3 Kd7 45. Kb4 Kc6 46. Bd2 a5+ 47. Ka4 Kb7 48. Bc3 Ka6 49. Bd2 b5+ 50. Kb3 b4 51. Ka4 Bd3 0-1

[Event "Western Pacific op"]
[Site "Los Angeles"]
[Date "2013.04.27"]
[Round "3"]
[White "Matikozian, Andranik"]
[Black "Taylor, Timothy"]
[Result "1/2-1/2"]
[WhiteElo "2441"]
[BlackElo "2282"]
[PlyCount "104"]
[EventDate "2013.04.26"]
[EventType "swiss"]
[EventRounds "5"]
[EventCountry "USA"]
[SourceTitle "CBM 154 Extra"]
[Source "ChessBase"]
[SourceDate "2013.06.25"]
[SourceVersion "2"]
[SourceVersionDate "2013.06.25"]
[SourceQuality "1"]

1. e4 e5 2. Nf3 Nc6 3. Bc4 Nf6 4. d3 d5 5. exd5 Nxd5 6. 0-0 Be7 7. Re1 f6 8. d4 Nb6 9. Bb5 0-0 10. Bxc6 bxc6 11. dxe5 Qxd1 12. Rxd1 Bg4 13. Nbd2 fxe5 14. Re1 Nd7 15. h3 Bf5 16. Nc4 Bxc2 17. Nfxe5 Nxe5 18. Nxe5 Bf6 19. Bf4 Rab8 20. b3 Rb4 21. Bg3 Re4 22. f3 Bxe5 23. Bxe5 Rxe1+ 24. Rxe1 Rd8 25. Bxc7 Rd1 26. Rxd1 Bxd1 27. Kf2 Bc2 28. Ke3 Bb1 29. a3 Bc2 30. b4 Kf7 31. Kd4 Ke6 32. f4 h5 33. g4 hxg4 34. hxg4 g6 35. Kc5 Ba4 36. Bb8 a6 37. Bc7 Kf7 38. Be5 Ke6 39. Bc3 Kf7 40. Kb6 Bb5 41. Ka5 Ke6 42. a4 Be2 43. Kb6 Bd1 44. a5 Be2 45. Kxc6 Bb5+ 46. Kc5 Be2 47. Kd4 Kd7 48. f5 gxf5 49. gxf5 Ke8 50. f6 Kf7 51. Kc5 Bb5 52. Kd6 Bf1 1/2-1/2

[Event "Southern California-ch 24th"]
[Site "Monterey Park"]
[Date "2012.07.28"]
[Round "6"]
[White "Stein, Jeremy A"]
[Black "Taylor, Timothy"]
[Result "1/2-1/2"]
[WhiteElo "2128"]
[BlackElo "2290"]
[PlyCount "189"]
[EventDate "2012.07.14"]
[EventType "tourn"]
[EventRounds "7"]
[EventCountry "USA"]
[SourceTitle "CBM 149 Extra"]
[Source "ChessBase"]
[SourceDate "2012.08.24"]
[SourceVersion "1"]
[SourceVersionDate "2012.08.24"]
[SourceQuality "1"]

1. d4 d5 2. c4 e6 3. Nf3 Nf6 4. g3 Bb4+ 5. Bd2 Bxd2+ 6. Qxd2 Nbd7 7. Bg2 c6 8. b3 0-0 9. Nc3 b6 10. 0-0 Ba6 11. e4 dxc4 12. Rfe1 e5 13. Rad1 Qc7 14. dxe5 Nxe5 15. Qd6 Qxd6 16. Rxd6 Nd3 17. Rd1 Ne8 18. Rd7 Nc5 19. Re7 cxb3 20. axb3 Nxb3 21. Rdd7 Nc5 22. Rxa7 Nd6 23. Nd4 Bb7 24. Rxa8 Bxa8 25. e5 Nc8 26. Rc7 Na6 27. Rd7 Nb8 28. Rc7 c5 29. Nf5 Bxg2 30. Kxg2 g6 31. Nd6 Nxd6 32. exd6 Rd8 33. Nb5 Kg7 34. Rb7 Nd7 35. Na7 Ne5 36. Rxb6 Nc4 37. Rc6 Nxd6 38. Rxc5 Rb8 39. Rc2 Nf5 40. Nc6 Rb6 41. Ne5 Re6 42. Nf3 Re7 43. Ra2 h5 44. h4 f6 45. Kf1 Rb7 46. Rd2 Kh6 47. Nd4 Ng7 48. Nf3 Rb6 49. Rd8 Ne6 50. Rd5 g5 51. Rd2 Kg6 52. hxg5 fxg5 53. Rd5 Kf6 54. Rd2 Ra6 55. Kg2 Rb6 56. Ra2 Ng7 57. Rd2 Nf5 58. Nd4 Nd6 59. Nf3 Nc4 60. Re2 Rb4 61. Ra2 Rb6 62. Re2 Rb4 63. Ra2 Rb6 64. Re2 Nd6 65. Ne5 Rb7 66. Nf3 Nf5 67. Ra2 Rb6 68. Rd2 g4 69. Nh4 Nxh4+ 70. gxh4 Ke5 71. f3 Rb3 72. fxg4 hxg4 73. h5 Rh3 74. Ra2 Kf4 75. Ra4+ Kg5 76. Ra5+ Kh6 77. Rb5 Rxh5 78. Rb6+ Kg5 79. Rb5+ Kh4 80. Rxh5+ Kxh5 81. Kg3 Kg5 82. Kg2 Kf4 83. Kf2 Ke4 84. Kg3 Kf5 85. Kg2 Kf4 86. Kf2 g3+ 87. Kg2 Kg4 88. Kg1 Kh4 89. Kg2 Kg4 90. Kg1 Kf3 91. Kf1 Kg4 92. Kg2 Kh4 93. Kg1 Kh3 94. Kh1 g2+ 95. Kg1 1/2-1/2

[Event "Southern California-ch 24th"]
[Site "Monterey Park"]
[Date "2012.07.15"]
[Round "3"]
[White "Taylor, Timothy"]
[Black "Akopyan, Harutyun"]
[Result "0-1"]
[WhiteElo "2290"]
[BlackElo "2208"]
[PlyCount "74"]
[EventDate "2012.07.14"]
[EventType "tourn"]
[EventRounds "7"]
[EventCountry "USA"]
[SourceTitle "CBM 149 Extra"]
[Source "ChessBase"]
[SourceDate "2012.08.24"]
[SourceVersion "1"]
[SourceVersionDate "2012.08.24"]
[SourceQuality "1"]

1. e4 e5 2. f4 exf4 3. Bc4 d6 4. d4 g5 5. h4 d5 6. Bxd5 Nf6 7. hxg5 Nxd5 8. exd5 Qxd5 9. Bxf4 Be6 10. Be5 Rg8 11. Nc3 Qxg2 12. Qf3 Rxg5 13. 0-0-0 Nc6 14. Bxc7 Rc8 15. d5 Rxc7 16. dxe6 fxe6 17. Qd3 Qxh1 18. Nf3 Qh6 19. Kb1 Rf5 20. Nb5 Rcf7 21. Nbd4 Rd5 22. Qe2 Nxd4 23. Nxd4 Bg7 24. Qc4 Bxd4 25. Re1 Rfd7 26. a3 Bg7 27. Qc8+ Ke7 28. Ka2 Qf6 29. c3 Rd2 30. Qc5+ R2d6 31. Rg1 b6 32. Qc8 Rd2 33. Qg8 Rxb2+ 34. Ka1 Rg2 35. Rc1 Rdd2 36. Qxh7 Ra2+ 37. Kb1 Rgb2# 0-1

[Event "Southern California-ch 24th"]
[Site "Monterey Park"]
[Date "2012.07.14"]
[Round "2"]
[White "Taylor, Timothy"]
[Black "Peters, Jack"]
[Result "1-0"]
[WhiteElo "2290"]
[BlackElo "2355"]
[PlyCount "53"]
[EventDate "2012.07.14"]
[EventType "tourn"]
[EventRounds "7"]
[EventCountry "USA"]
[SourceTitle "CBM 149 Extra"]
[Source "ChessBase"]
[SourceDate "2012.08.24"]
[SourceVersion "1"]
[SourceVersionDate "2012.08.24"]
[SourceQuality "1"]

1. e4 c5 2. Nf3 Nc6 3. Nc3 d6 4. d4 cxd4 5. Nxd4 Nf6 6. Be2 e6 7. Be3 Be7 8. 0-0 0-0 9. f4 a6 10. Nf3 b5 11. Qd3 b4 12. Na4 Rb8 13. Rad1 Qc7 14. e5 Nd5 15. exd6 Bxd6 16. Ng5 f5 17. g3 Nce7 18. Bd4 h6 19. Nf3 Nc6 20. Bf2 Rd8 21. Qc4 a5 22. Rfe1 Bd7 23. Nc5 Bxc5 24. Qxc5 Nce7 25. Ne5 Qxc5 26. Bxc5 Rbc8 27. Bxe7 1-0

[Event "Pacific Southwest op 52nd"]
[Site "Woodland Hills"]
[Date "2012.06.30"]
[Round "1"]
[White "Popova, Elena"]
[Black "Taylor, Timothy"]
[Result "0-1"]
[WhiteElo "2042"]
[BlackElo "2290"]
[PlyCount "86"]
[EventDate "2012.06.30"]
[EventType "swiss"]
[EventRounds "5"]
[EventCountry "USA"]
[SourceTitle "EXT 2013"]
[Source "ChessBase"]
[SourceDate "2012.11.22"]
[SourceVersion "1"]
[SourceVersionDate "2012.11.22"]
[SourceQuality "1"]

1. e4 Nf6 2. Nc3 e5 3. Nf3 Nc6 4. Bb5 Bb4 5. Nd5 Nxd5 6. exd5 e4 7. dxc6 dxc6 8. Be2 exf3 9. Bxf3 Qe7+ 10. Qe2 Qxe2+ 11. Bxe2 Bf5 12. a3 Bd6 13. d3 0-0-0 14. Be3 Rhe8 15. Kd2 Re7 16. Rae1 Rde8 17. Bf3 c5 18. h4 h6 19. g4 Bd7 20. d4 c4 21. d5 Be5 22. Bc5 c3+ 23. Kc1 Bf4+ 24. Be3 Bxe3+ 25. fxe3 Rxe3 26. Rxe3 Rxe3 27. Bd1 cxb2+ 28. Kxb2 Bb5 29. Rh2 Bc4 30. Rd2 Kd7 31. Rd4 b5 32. a4 a6 33. c3 Kd6 34. axb5 axb5 35. Bb3 Rd3 36. Rf4 Bxb3 37. Kxb3 f6 38. Kb4 Rxd5 39. Re4 c6 40. Re8 Re5 41. Rd8+ Kc7 42. Ra8 Re4+ 43. Kb3 Rxg4 0-1

[Event "Southern California-ch Cand"]
[Site "Monterey Park"]
[Date "2012.06.24"]
[Round "3"]
[White "Taylor, Timothy"]
[Black "Stein, Jeremy A"]
[Result "1-0"]
[WhiteElo "2294"]
[BlackElo "2102"]
[PlyCount "77"]
[EventDate "2012.06.23"]
[EventType "swiss"]
[EventRounds "4"]
[EventCountry "USA"]
[SourceTitle "EXT 2013"]
[Source "ChessBase"]
[SourceDate "2012.11.22"]
[SourceVersion "1"]
[SourceVersionDate "2012.11.22"]
[SourceQuality "1"]

1. e4 c5 2. Nf3 d6 3. d4 cxd4 4. Nxd4 Nf6 5. Nc3 g6 6. Be2 Bg7 7. Be3 Nc6 8. Nb3 Be6 9. f4 0-0 10. g4 d5 11. f5 Bc8 12. exd5 Nb4 13. Bf3 gxf5 14. a3 fxg4 15. Bg2 Nbxd5 16. Nxd5 Nxd5 17. Qxd5 Qxd5 18. Bxd5 Bxb2 19. Rd1 e6 20. Bc4 Bc3+ 21. Kf2 f5 22. Bc5 Rf6 23. Rd8+ Kg7 24. Rhd1 Be5 25. Nd4 Bxh2 26. Bxe6 Bxe6 27. Nxe6+ Rxe6 28. Rxa8 Rc6 29. Rd7+ Kf6 30. Rf8+ Kg6 31. Bd4 Rxc2+ 32. Kf1 Kg5 33. Be3+ Kg6 34. Rg8+ Kf6 35. Bg5+ Ke6 36. Re7+ Kd5 37. Rd8+ Kc4 38. Rc8+ Kb3 39. Rxb7+ 1-0

[Event "San Diego Recession Buster op"]
[Site "San Diego"]
[Date "2012.02.18"]
[Round "2"]
[White "Krishnan, Varun"]
[Black "Taylor, Timothy"]
[Result "1/2-1/2"]
[WhiteElo "2135"]
[BlackElo "2299"]
[PlyCount "122"]
[EventDate "2012.02.18"]
[EventType "swiss"]
[EventRounds "6"]
[EventCountry "USA"]
[SourceTitle "EXT 2013"]
[Source "ChessBase"]
[SourceDate "2012.11.22"]
[SourceVersion "1"]
[SourceVersionDate "2012.11.22"]
[SourceQuality "1"]

1. e4 Nf6 2. e5 Nd5 3. d4 d6 4. c4 Nb6 5. exd6 exd6 6. Nc3 Nc6 7. Nf3 Bg4 8. Be3 Be7 9. Bd3 Bf6 10. h3 Bxf3 11. Qxf3 Bxd4 12. Bxd4 Nxd4 13. Qxb7 Qe7+ 14. Qe4 Qxe4+ 15. Bxe4 0-0-0 16. 0-0-0 c5 17. b3 Rhe8 18. Rhe1 g6 19. g4 a6 20. g5 h6 21. h4 Rh8 22. Nd5 Nd7 23. Ne7+ Kc7 24. Nd5+ Kb8 25. Nb4 hxg5 26. Rxd4 cxd4 27. Nc6+ Kc7 28. Nxd8 Kxd8 29. hxg5 Nc5 30. Rh1 Rxh1+ 31. Bxh1 Nd3+ 32. Kd2 Nxf2 33. Bd5 Ke7 34. b4 Nh3 35. a4 Nxg5 36. a5 Kd8 37. Bb7 Kc7 38. Bxa6 Ne6 39. Bb5 g5 40. Be8 f5 41. Bg6 f4 42. Bh5 Nd8 43. b5 Ne6 44. b6+ Kb7 45. Bf3+ Ka6 46. Kd3 Nc5+ 47. Kxd4 Nb3+ 48. Kd5 Nxa5 49. Be2 Kxb6 50. Kxd6 Nb3 51. Ke5 Kc5 52. Kf6 Nd4 53. Bg4 f3 54. Bxf3 Nxf3 55. Kf5 Kxc4 56. Kg4 Kd4 57. Kxf3 Ke5 58. Kg4 Kf6 59. Kg3 Kf5 60. Kf3 g4+ 61. Kg3 Kg5 1/2-1/2

[Event "San Diego Recession Buster op"]
[Site "San Diego"]
[Date "2012.02.18"]
[Round "1"]
[White "Taylor, Timothy"]
[Black "Sainz Aguirre, Ignacio"]
[Result "1-0"]
[WhiteElo "2299"]
[BlackElo "1989"]
[PlyCount "61"]
[EventDate "2012.02.18"]
[EventType "swiss"]
[EventRounds "6"]
[EventCountry "USA"]
[SourceTitle "EXT 2013"]
[Source "ChessBase"]
[SourceDate "2012.11.22"]
[SourceVersion "1"]
[SourceVersionDate "2012.11.22"]
[SourceQuality "1"]

1. e4 e6 2. d4 d5 3. Nc3 Bb4 4. exd5 exd5 5. Qf3 Nc6 6. Bb5 Nge7 7. Bf4 Bd6 8. Nge2 a6 9. Ba4 0-0 10. 0-0-0 Bb4 11. h4 Be6 12. h5 b5 13. h6 g6 14. Bb3 Qd7 15. a3 Bxc3 16. Qxc3 a5 17. a4 Nb4 18. axb5 Qxb5 19. Qc5 Qd7 20. Qxc7 Qxc7 21. Bxc7 Rfc8 22. Bd6 Nf5 23. Bxb4 axb4 24. Kd2 Nd6 25. Ra1 Nf5 26. Rxa8 Rxa8 27. g4 Nd6 28. f3 Kf8 29. Nf4 Ra5 30. Re1 Ke7 31. Bxd5 1-0

[Event "Martin Luther King Memorial"]
[Site "Irvine"]
[Date "2012.01.16"]
[Round "5"]
[White "Sheng, Joshua"]
[Black "Taylor, Timothy"]
[Result "0-1"]
[WhiteElo "2070"]
[BlackElo "2299"]
[PlyCount "46"]
[EventDate "2012.01.14"]
[EventType "swiss"]
[EventRounds "6"]
[EventCountry "USA"]
[SourceTitle "EXT 2013"]
[Source "ChessBase"]
[SourceDate "2012.11.22"]
[SourceVersion "1"]
[SourceVersionDate "2012.11.22"]
[SourceQuality "1"]

1. e4 Nf6 2. Nc3 e6 3. e5 Nd5 4. Nxd5 exd5 5. d4 d6 6. f4 dxe5 7. dxe5 Bc5 8. Nf3 Nc6 9. c3 0-0 10. Bd3 f6 11. Qc2 fxe5 12. fxe5 Rxf3 13. gxf3 Qh4+ 14. Kd1 Nxe5 15. Re1 Bd6 16. Bd2 Bd7 17. Kc1 Rf8 18. Rxe5 Bxe5 19. Qb3 Bc6 20. Bb5 Bf4 21. Bxf4 Qxf4+ 22. Kb1 Qf5+ 23. Kc1 Qg5+ 0-1

[Event "Martin Luther King Memorial"]
[Site "Irvine"]
[Date "2012.01.15"]
[Round "4"]
[White "Khachiyan, Melikset"]
[Black "Taylor, Timothy"]
[Result "1/2-1/2"]
[WhiteElo "2481"]
[BlackElo "2299"]
[PlyCount "43"]
[EventDate "2012.01.14"]
[EventType "swiss"]
[EventRounds "6"]
[EventCountry "USA"]
[SourceTitle "EXT 2013"]
[Source "ChessBase"]
[SourceDate "2012.11.22"]
[SourceVersion "1"]
[SourceVersionDate "2012.11.22"]
[SourceQuality "1"]

1. e4 Nf6 2. e5 Nd5 3. d4 d6 4. Nf3 dxe5 5. Nxe5 c6 6. c4 Nb4 7. Be3 Bf5 8. Nd3 e5 9. Nxb4 Bxb4+ 10. Nc3 Qa5 11. Qb3 Na6 12. 0-0-0 0-0-0 13. d5 Nc5 14. Bxc5 Bxc5 15. Bd3 Bxd3 16. Rxd3 f5 17. f3 Qb4 18. Kc2 Qxb3+ 19. axb3 Rhe8 20. Re1 g6 21. Re2 Kc7 22. g4 1/2-1/2

[Event "Martin Luther King Memorial"]
[Site "Irvine"]
[Date "2012.01.14"]
[Round "1"]
[White "Pena, Pablo"]
[Black "Taylor, Timothy"]
[Result "0-1"]
[WhiteElo "2081"]
[BlackElo "2299"]
[PlyCount "80"]
[EventDate "2012.01.14"]
[EventType "swiss"]
[EventRounds "6"]
[EventCountry "USA"]
[SourceTitle "EXT 2013"]
[Source "ChessBase"]
[SourceDate "2012.11.22"]
[SourceVersion "1"]
[SourceVersionDate "2012.11.22"]
[SourceQuality "1"]

1. e4 e5 2. Nf3 Nc6 3. d4 exd4 4. Bc4 Nf6 5. e5 d5 6. Bb5 Ne4 7. Nxd4 Bd7 8. Bxc6 bxc6 9. 0-0 Be7 10. f3 Nc5 11. f4 Ne4 12. Nd2 Nxd2 13. Bxd2 c5 14. Nb3 Bf5 15. c3 d4 16. Qf3 0-0 17. g4 Be6 18. f5 Bd5 19. Qg3 f6 20. Bf4 Rc8 21. exf6 Rxf6 22. Be5 Rb6 23. cxd4 Ba8 24. dxc5 Bh4 25. Rad1 Bxg3 26. Rxd8+ Rxd8 27. Bxg3 Rb4 28. h3 Rd3 29. Kh2 Rc4 30. Rf2 Re4 31. c6 Ree3 32. Bxc7 Bxc6 33. Rc2 Re1 34. Rc1 Re2+ 35. Kg1 Bd5 36. Kf1 Rxb2 37. Be5 Rxa2 38. Rc8+ Kf7 39. Rc7+ Ke8 40. Rc8+ Kd7 0-1

[Event "Los Angeles Metropolitan 12th"]
[Site "Los Angeles"]
[Date "2011.11.11"]
[Round "4"]
[White "Akopyan, Harutyun"]
[Black "Taylor, Timothy"]
[Result "1-0"]
[WhiteElo "2233"]
[BlackElo "2296"]
[PlyCount "45"]
[EventDate "2011.11.09"]
[EventType "tourn"]
[EventRounds "9"]
[EventCountry "USA"]
[EventCategory "2"]
[SourceTitle "EXT 2012"]
[Source "ChessBase"]
[SourceDate "2011.11.24"]
[SourceVersion "1"]
[SourceVersionDate "2011.11.24"]
[SourceQuality "1"]

1. e4 e5 2. Nf3 Nc6 3. d4 exd4 4. Nxd4 Bc5 5. Nb3 Bb6 6. a4 a6 7. Nc3 Nge7 8. Nd5 Nxd5 9. exd5 Qf6 10. Qe2+ Ne7 11. a5 Ba7 12. h4 d6 13. Ra4 Bf5 14. g4 Bg6 15. h5 Qxf2+ 16. Qxf2 Bxf2+ 17. Kxf2 Bxc2 18. Bc4 f5 19. g5 Kd7 20. Rb4 Rab8 21. Bf4 c5 22. dxc6+ bxc6 23. Nc5+ 1-0